Organizational Behavior

Salvato in:
Dettagli Bibliografici
Autore principale: Griffin, Ricky W.
Altri autori: Moorhead, Gregory
Natura: Libro
Lingua:inglese
Pubblicazione: Boston Houghton Mifflin Co. 1986
Edizione:1. ed.
Soggetti:
Tags: Aggiungi Tag
Nessun Tag, puoi essere il primo ad aggiungerne!!

MARC

LEADER 00000nam a2200000 4500
001 c003703
005 20221220073520.5
020 |a 0-395-35516-8 
041 0 |a eng 
044 |a US 
245 1 0 |a Organizational Behavior  |c Ricky W. Griffin, Gregory Moorhead 
250 |a 1. ed. 
264 1 |a Boston  |b Houghton Mifflin Co.  |c 1986 
300 |a 724 s. 
610 2 0 |a správanie 
610 2 0 |a behaviorizmus 
610 2 0 |a psychológia 
610 2 0 |a manažment 
610 2 0 |a motivácia 
610 2 0 |a organizácia 
610 2 0 |a riadenie 
610 2 0 |a rozhodovanie 
610 2 0 |a komunikácia 
610 2 0 |a štruktúra podniku organizačná 
100 1 |a Griffin, Ricky W. 
700 1 |a Moorhead, Gregory